000 01305cam a2200325 i 4500
999 _c26906
_d26906
001 4662264
005 20170207090736.0
008 820426s1981 pauaf b 001 0beng
010 _a 80011452
020 _a0271002638
050 0 0 _aND623.G366 B57 1981
100 1 _aBissell, R. Ward.
245 1 0 _aOrazio Gentileschi and the poetic tradition in Caravaggesque painting /
_cR. Ward Bissell.
260 _aUniversity Park :
_bPennsylvania State University Press,
_cc1981.
300 _axi, 240 p., [72] leaves of plates :
_bill. ;
_c29 cm.
500 _aIncludes index.
504 _aBibliography: p. 119-129.
600 1 0 _aGentileschi, Orazio,
_d1563-1638?
600 1 0 _aCaravaggio, Michelangelo Merisi da,
_d1573-1610
_xInfluence.
650 0 _aPainters
_zItaly
_xBiography.
856 4 2 _3Contributor biographical information
_uhttp://www.loc.gov/catdir/enhancements/fy1309/80011452-b.html
856 4 2 _3Publisher description
_uhttp://www.loc.gov/catdir/enhancements/fy1309/80011452-d.html
942 _2lcc
_cBOOKS